000 00600nam a2200229Ia 4500
003 OSt
005 20220924152421.0
006 a|||||r|||| 00| 0
007 ta
008 220923b |||||||| |||| 00| 0 urd d
024 _a342452
037 _cTextual
040 _aARTS
_cARTS
_burd
041 _2urd
_aurd
082 _aO168,6M2MAx, K3
100 _aAnsari Mohammad Hasan Au.
_9226636
245 0 _aSitara ya badban
260 _c1963
650 _aURDU PROSE
_926866
942 _hO168,6M2MAx, K3
_cTEXL
_2CC
999 _c469781
_d469781